000 01671nam a22002537a 4500
003 Uzh_bibl
008 260629b |||||||| |||| 00| 0 ukr d
020 _c1.80
040 _aукр.
041 _2ukr
_aukr
080 _a821(477)
090 _a821(477)
_bГ 84
100 _aГримайло, Ярослав
245 _aЗачарований на Схід. Добропроходець
_hТекст
260 _aКиїв
_bДніпро
_c1985
300 _a421 с.
_fВ опр.
520 _aВ романі українського радянського письменника Я. В. Гримайла (1906 1984) розповідається про життя Ярослава Галана, письменника, драматурга, публіциста, про його героїчну боротьбу проти фашизму, буржуазного націоналізму, запроданства. Повість «Добропроходець» — це твір про Миколу Трублаїні, життя і творчість якого надихають на благородні вчинки все нові покоління.
521 _aДля широкого кола читачів
546 _aукр.
650 _aЛітературно-художнє видання
_yXX століття (до і під час Другої світової війни)
_zУкраїна, Західна Україна
653 _aГалан
_aТрублаїні
_aБоротьба
_aФашизм
_aТворчість
655 _aРоман, біографічна повість
_vРоман. Повість
942 _2udc
_cBK
999 _c18594
_d18594